| 000 | 00523nam a2200205 a 4500 | ||
|---|---|---|---|
| 003 | OSt | ||
| 005 | 20140310182409.0 | ||
| 008 | 091126s19uu xx 00 eng d | ||
| 020 | _a978-2-7641-2170-2 | ||
| 050 |
_aTX 809 _b.P291 2008 |
||
| 082 |
_aHS 641.82 _bP21 n.d |
||
| 245 | _aPasta and rice / | ||
| 260 |
_aChina : _bTormont Publication, _c2008. |
||
| 300 |
_a96 p. : _bcol. ill. ; |
||
| 440 | _aQuick Cooking | ||
| 650 |
_aCookbook _xPasta. |
||
| 650 |
_aCookbook _xRice. |
||
| 942 |
_cBK _2lcc |
||
| 999 |
_c12798 _d12798 |
||